| 000 | 00403nam a2200181Ia 4500 | ||
|---|---|---|---|
| 005 | 20250423101149.0 | ||
| 008 | 250422s9999 xx 000 0 und d | ||
| 020 | _a978-0-385-51783-6 | ||
| 050 | _aPS3557.R5355A95 | ||
| 100 | _aJohn Grisham | ||
| 245 | 4 | _aThe Associate | |
| 260 | _aNew York | ||
| 260 | _bDouble Day | ||
| 260 | _c2009 | ||
| 300 | _a373 p | ||
| 650 | _aLiterature | ||
| 942 | _cBK | ||
| 999 |
_c35487 _d35487 |
||